000 00385nam a2200169Ia 4500
001 2354
003 IN-NITTTR
005 20251114232929.0
008 251113s9999||||xx |||||||||||||| ||eng||
040 _beng
040 _cIN-NITTTR
041 _aeng
082 _a516 G181T
100 _aGarg, D. P.
245 0 _aText book of descriptive geometry. /
_cGarg, D. P.
942 _2ddc
_cBK
999 _c3609
_d3609